Effect different hill spacing on phkarumduol rice variety in rainy season on crop station of royal university of agriculture ឥទ្ធិពលចន្លោះគុម្ពខុសៗគ្នា ទៅលើពូជស្រូវផ្ការំដួល នៅក្នុងលក្ខខណ្ឌរដូវវស្សា នៅស្ថានីយ៏ពិសោធន៏ំដំណាំ នៃសាកលវិទ្យាល៏យភូមិន្ទកសិកម្ម (Record no. 812)

000 -LEADER
fixed length control field 00854nam a22001577a 4500
003 - CONTROL NUMBER IDENTIFIER
control field OSt
005 - DATE AND TIME OF LATEST TRANSACTION
control field 20150919103238.0
008 - FIXED-LENGTH DATA ELEMENTS--GENERAL INFORMATION
fixed length control field 150919b xxu||||| |||| 00| 0 eng d
040 ## - CATALOGING SOURCE
Transcribing agency RUA
082 ## - DEWEY DECIMAL CLASSIFICATION NUMBER
Classification number AGR SOK 2006 B034 Or.1
100 ## - MAIN ENTRY--PERSONAL NAME
9 (RLIN) 842
Personal name SOK, KHEANG.
245 ## - TITLE STATEMENT
Title Effect different hill spacing on phkarumduol rice variety in rainy season on crop station of royal university of agriculture ឥទ្ធិពលចន្លោះគុម្ពខុសៗគ្នា ទៅលើពូជស្រូវផ្ការំដួល នៅក្នុងលក្ខខណ្ឌរដូវវស្សា នៅស្ថានីយ៏ពិសោធន៏ំដំណាំ នៃសាកលវិទ្យាល៏យភូមិន្ទកសិកម្ម
260 ## - PUBLICATION, DISTRIBUTION, ETC. (IMPRINT)
Place of publication, distribution, etc. Phnom Penh
Name of publisher, distributor, etc. RUA
Date of publication, distribution, etc. 2006
300 ## - PHYSICAL DESCRIPTION
Extent 49p.
Other physical details ill.
Dimensions 29cm.
942 ## - ADDED ENTRY ELEMENTS (KOHA)
Source of classification or shelving scheme
Koha item type AGR
Holdings
Price effective from Date last seen Permanent Location Not for loan Date acquired Source of classification or shelving scheme Koha item type Lost status Withdrawn status Total Renewals Date last checked out Total Checkouts Damaged status Barcode Current Location Full call number
2015-09-192016-08-19Library Block B 2015-09-19 AGR  12016-07-221 RUA008146Library Block BAGR SOK 2006 B034 Or.1
មជ្ឈមណ្ឌលឯការនៃសាកលវិទ្យាល័យភូមិន្ទកសិកម្មចំការដូង

Powered by Koha